000 00566nam a2200229Ia 4500
003 OSt
005 20220924135404.0
006 a|||||r|||| 00| 0
007 ta
008 220923b |||||||| |||| 00| 0 ben d
024 _a290977
037 _cTextual
040 _aARTS
_cARTS
_bben
041 _2ben
_aben
082 _aO15,2MRO,1, 157G5
100 _aRoy
_9120881
245 0 _aJagannathballav natakam
260 _c1935
650 _aSANSKRIT LITERATURE
942 _hO15,2MRO,1, 157G5
_cTEXL
_2CC
999 _c440574
_d440574